Adhunik samastigata arthabigyan (Record no. 11336)

MARC details
000 -LEADER
fixed length control field 00562nam a22002057a 4500
005 - DATE AND TIME OF LATEST TRANSACTION
control field 20230120131203.0
008 - FIXED-LENGTH DATA ELEMENTS--GENERAL INFORMATION
fixed length control field 220618b ||||| |||| 00| 0 eng d
020 ## - INTERNATIONAL STANDARD BOOK NUMBER
International Standard Book Number 9789391883331
040 ## - CATALOGING SOURCE
Original cataloging agency IN-DiNC
Transcribing agency IN-DiNC
041 ## - LANGUAGE CODE
Language code of sung or spoken text Assamese
082 ## - DEWEY DECIMAL CLASSIFICATION NUMBER
Classification number 339.01
Item number AHM
100 ## - MAIN ENTRY--PERSONAL NAME
Personal name Ahmed Rofique
Relator term Author
245 ## - TITLE STATEMENT
Title Adhunik samastigata arthabigyan
Statement of responsibility, etc. by Rofique Ahmed and Rima Rabha
250 ## - EDITION STATEMENT
Edition statement 1st ed.
260 ## - PUBLICATION, DISTRIBUTION, ETC.
Place of publication, distribution, etc. Jorhat:
Name of publisher, distributor, etc. Unika Prakashan,
Date of publication, distribution, etc. 2022.
300 ## - PHYSICAL DESCRIPTION
Extent 222p.
650 ## - SUBJECT ADDED ENTRY--TOPICAL TERM
Topical term or geographic name entry element Advanced Macro Economics
700 ## - ADDED ENTRY--PERSONAL NAME
Personal name Rabha Rima
Relator term Author
942 ## - ADDED ENTRY ELEMENTS (KOHA)
Source of classification or shelving scheme Dewey Decimal Classification
Koha item type Books
Holdings
Withdrawn status Lost status Source of classification or shelving scheme Damaged status Not for loan Collection code Home library Current library Shelving location Date acquired Cost, normal purchase price Total Checkouts Full call number Barcode Date last seen Date last checked out Copy number Price effective from Koha item type
    Dewey Decimal Classification     Economics Central Library, Naharkatiya College Central Library, Naharkatiya College General Stacks 18/06/2022 250.00 5 339.01 29003 11/03/2024 28/02/2024 1 18/06/2022 Books
    Dewey Decimal Classification     Economics Central Library, Naharkatiya College Central Library, Naharkatiya College General Stacks 18/06/2022 250.00 17 339.01 29004 22/08/2024 29/05/2024 2 18/06/2022 Books
    Dewey Decimal Classification     Economics Central Library, Naharkatiya College Central Library, Naharkatiya College General Stacks 20/01/2023 250.00 15 339.01 AHM 29246 17/05/2024 27/04/2024 3 20/01/2023 Books
    Dewey Decimal Classification     Economics Central Library, Naharkatiya College Central Library, Naharkatiya College General Stacks 20/01/2023 250.00 11 339.01 AHM 29247 13/03/2024 28/02/2024 4 20/01/2023 Books
    Dewey Decimal Classification     Economics Central Library, Naharkatiya College Central Library, Naharkatiya College General Stacks 20/01/2023 250.00 11 339.01 AHM 29248 08/06/2024 25/05/2024 5 20/01/2023 Books

Naharkatiya College © 2020. All rights reserved.

Powered By